Central Library OPAC University of Rajshahi
Normal view MARC view

Entry Personal Name

Number of records used in: 2

001 - CONTROL NUMBER

  • control field: 137

003 - CONTROL NUMBER IDENTIFIER

  • control field: BD-RjUL

005 - DATE AND TIME OF LATEST TRANSACTION

  • control field: 20211212161530.0

008 - FIXED-LENGTH DATA ELEMENTS

  • fixed length control field: 211212|| aca||aabn | a|a d

040 ## - CATALOGING SOURCE

  • Original cataloging agency: BD-RjUL
  • Transcribing agency: BD-RjUL

100 ## - HEADING--PERSONAL NAME

  • Personal name: Maḥbūbī, ʻUbayd Allāh ibn Masʻūd,
  • Dates associated with a name: -1346 or 1347.
  • Title of a work: Sharḥ al-Wiqāyah

670 ## - SOURCE DATA FOUND

  • Source citation: Work cat.: (BD-RjUL)78987: ʻAbd al-ahad , Muḥammad -1346 or 1347. 132, شرح الوقاية ؛ مع حاشية عمدة الرواية;; Sharḥ al-Wiqāyah. Maʻa ḥāshiyatihi ʻUmdat al-riʻāyah /, 1986.